| 000 | 00664nam a22001337a 4500 | ||
|---|---|---|---|
| 040 | _cAGR | ||
| 082 | _aAGR NY 2009 B042 Or.1 | ||
| 100 | _aNY, SAMATH. | ||
| 245 | _aeffect of different fertililzers on lettuce at royal university of agriculture (ឥទ្ធិពលប្រភេទជីផ្សេងគ្នាលើដំណាំសាលាដក្នុងល័ក្ខខ័ណ្ឌសាកលវិទ្យាល័យភូមិន្ទកសិកម្ម) | ||
| 260 |
_aPhnom Penh _bRUA _c2009 |
||
| 300 |
_aix, 49p. _bill. _c29cm. |
||
| 856 | _uhttps://drive.google.com/file/d/1_JM3G9R4KtDs8CQYThNqGjwaTI7aKJtd/view?usp=sharing | ||
| 942 | _cAGR | ||
| 999 |
_c941 _d941 |
||